Watts European handbook 2009 (Record no. 109107)
[ view plain ]
| 000 -LEADER | |
|---|---|
| fixed length control field | 02108cam a22002775a 4500 |
| 001 - CONTROL NUMBER | |
| control field | L146308 |
| 008 - FIXED-LENGTH DATA ELEMENTS--GENERAL INFORMATION | |
| fixed length control field | 090107s2009 xxk ab f 001 0 eng d |
| 020 ## - INTERNATIONAL STANDARD BOOK NUMBER | |
| International Standard Book Number | 9781842194171 |
| 035 ## - SYSTEM CONTROL NUMBER | |
| System control number | (Sirsi) u146308 |
| 041 0# - LANGUAGE CODE | |
| Language code of text/sound track or separate title | eng |
| 050 04 - LIBRARY OF CONGRESS CALL NUMBER | |
| Classification number | 690.2 $2 18 |
| 110 2# - MAIN ENTRY--CORPORATE NAME | |
| Corporate name or jurisdiction name as entry element | Watts Group Plc |
| 9 (RLIN) | 5510 |
| 245 00 - TITLE STATEMENT | |
| Title | Watts European handbook 2009 |
| Remainder of title | the essential guide to European property and construction |
| 260 ## - PUBLICATION, DISTRIBUTION, ETC. | |
| Place of publication, distribution, etc. | Coventry |
| Name of publisher, distributor, etc. | RICS Books |
| Date of publication, distribution, etc. | 2009 |
| 300 ## - PHYSICAL DESCRIPTION | |
| Extent | viii, 400 p. |
| Other physical details | ill. |
| Dimensions | 18 cm. |
| 350 ## - PRICE (NR) (BK AM CF MU VM SE) [OBSOLETE] | |
| Price | 34.95 |
| 505 2# - FORMATTED CONTENTS NOTE | |
| Formatted contents note | Europe and the EU -- General information: materials and defects; environment; sustainability; design; health and safety; services -- France: development controls; the property market; regional construction problems; development process; legislation -- Germany: development controls; the property market; regional construction problems; development process; legislation -- Ireland: development controls; the property market; regional construction problems; development process; legislation -- Netherlands: development controls; the property market; regional construction problems; development process; legislation -- Spain: development controls; the property market; regional construction problems; development process; legislation -- United Kingdom: development controls; the property market; regional construction problems; development process; legislation -- Other European countries: Baltic states; Eastern Europe; Scandinavia -- Technical resources -- Index -- Watts Group directory |
| 520 ## - SUMMARY, ETC. | |
| Summary, etc. | Provides legal and technical information on the property and construction industries across Europe, including property markets, planning and development, and relevant legislation. Includes information on issues affecting France, Germany, Ireland, the Netherlands, Spain and the UK. Contains overviews on the property and construction industries in the Baltic states, Eastern Europe and Scandinavia. |
| 521 ## - TARGET AUDIENCE NOTE | |
| Target audience note | Advanced |
| 590 ## - LOCAL NOTE (RLIN) | |
| Local note | KA |
| 651 #4 - SUBJECT ADDED ENTRY--GEOGRAPHIC NAME | |
| Geographic name | Europe |
| 690 ## - LOCAL SUBJECT ADDED ENTRY--TOPICAL TERM (OCLC, RLIN) | |
| Topical term or geographic name as entry element | PROPERTY-PROPERTY MARKET |
| 690 ## - LOCAL SUBJECT ADDED ENTRY--TOPICAL TERM (OCLC, RLIN) | |
| Topical term or geographic name as entry element | BUILT ENVIRONMENT-CONSTRUCTION MARKET |
| 942 ## - ADDED ENTRY ELEMENTS (KOHA) | |
| Suppress in OPAC | 0 |
| Withdrawn status | Lost status | Source of classification or shelving scheme | Damaged status | Not for loan | Home library | Current library | Shelving location | Date acquired | Total Checkouts | Full call number | Barcode | Date last seen | Date last checked out | Copy number | Price effective from | Koha item type |
|---|---|---|---|---|---|---|---|---|---|---|---|---|---|---|---|---|
| Dewey Decimal Classification | London | London | Books | 16/01/2009 | 6 | 690.2 WAT | 30076453 | 06/08/2019 | 02/03/2010 | 4 | 06/08/2019 | Book | ||||
| Dewey Decimal Classification | London | London | RICS Boxes | 07/06/2011 | RICS 2009/50 | 30076450 | 06/08/2019 | 1 | 06/08/2019 | Archive |